Rentabilita a chozrasčot v zdokonalenej sústave plánovitého riadenia národného hospodárstva habilitačná práca
Uložené v:
| Hlavný autor: | |
|---|---|
| Korporativný autor: | |
| Médium: | Kniha |
| Jazyk: | Slovak |
| Vydavateľské údaje: |
Bratislava
1980
|
| Predmet: | |
| Tagy: |
Žiadne tagy, Buďte prvý, kto otaguje tento záznam!
|
MARC
| LEADER | 00000nam a2200000 4500 | ||
|---|---|---|---|
| 001 | c110799 | ||
| 005 | 20250908112305.5 | ||
| 041 | 0 | |a slo | |
| 044 | |a SK | ||
| 245 | 1 | 0 | |a Rentabilita a chozrasčot v zdokonalenej sústave plánovitého riadenia národného hospodárstva |b habilitačná práca |c Štefan Harna |
| 264 | 1 | |a Bratislava |c 1980 | |
| 300 | |a 170 s. | ||
| 610 | 2 | 0 | |a plánovanie |
| 610 | 2 | 0 | |a plánovanie hospodárske |
| 610 | 2 | 0 | |a riadenie hospodárske |
| 610 | 2 | 0 | |a rentabilita |
| 610 | 2 | 0 | |a hospodárenie finančné |
| 610 | 2 | 0 | |a vzťahy tovarovo-peňažné |
| 610 | 2 | 0 | |a obchod vnútorný |
| 610 | 2 | 0 | |a reprodukcia prostriedkov základných |
| 610 | 2 | 0 | |a kontrola |
| 100 | 1 | |a Harna, Štefan | |
| 710 | 2 | |a Vysoká škola ekonomická v Bratislave | |